| 000 | 01060nam a2200289 u 4500 | ||
|---|---|---|---|
| 001 | |||
| 003 | DO-SdBNP | ||
| 005 | 20220118105145.0 | ||
| 008 | 100809s2015 dr a 000 0 spa d | ||
| 020 | _a9789945167115 | ||
| 040 |
_aDO-SdBNP _bspa _cBPMSU |
||
| 082 |
_a927.92 _bG216h 2015 _222 |
||
| 100 | 1 |
_aGarcía Guerra, Iván, _d1938- |
|
| 245 | 1 | 0 |
_aHablando con mi gente / _cIván García Guerra. |
| 260 |
_aSanto Domingo : _bBúho, _c2015. |
||
| 300 |
_a415 p. : _bil. ; _c26 cm. |
||
| 500 | _aIncluye datos biográficos del autor en las solapas | ||
| 500 | _aIncluye referencias bibliográficas y notas al pie de las páginas | ||
| 505 | 0 | _aSobre colegas y amigos -- Compromisos ocasionales -- Defendiendo nuestra dramaturgia -- La pareja Bosch Quidiello -- Temas diversos -- Sobre mí. | |
| 590 | _aInventariado, 2022/VM | ||
| 600 | 1 | 4 |
_aGarcía Guerra, Iván, _d1938- _vEntrevistas. |
| 650 | 4 | _aTeatro dominicano. | |
| 650 | 4 |
_aTeatro _xHistoria y crítica. |
|
| 650 | 4 | _aEnsayos dominicanos | |
| 910 | _aVMateo V. | ||
| 942 |
_2ddc _cBK |
||
| 999 |
_c13955 _d13955 |
||